000 00489nam a2200157Ia 4500
005 20260601193251.0
008 260601s9999||||xx |||||||||||||| ||und||
020 _a978-3-031-63126-9
_qebk
100 _aNewton Lee
245 0 _aCounterterrorism and Cybersecurity
250 _aThird Edition 2024
260 _aHeidelberg, Germany
_bSpringer Nature
_c2024
650 _aComputer Science
856 _uhttps://link.springer.com/openurl?genre=book&isbn=978-3-031-63126-9
942 _cEB
_2ddc
999 _c56737
_d56737